Petit Bac #06 - Capitales d'Amérique du Sud - Statistiques

Statistiques générales
  • Ce quiz a été pris 2 426 fois
  • Le résultat moyen est 7 sur 9
Statistiques - réponses
1ère Lettre Capitale % Correct
B Buenos Aires / Brasilia / Bogotá
100%
L Lima / La Paz*
93%
S Santiago / Sucre*
87%
M Montevideo
82%
Q Quito
82%
C Caracas
75%
A Asunción
66%
G Georgetown
53%
P Paramaribo
47%
Aucun quiz correspondant
Distribution des résultats
% des personnes avec chaque résultat
Percentile par nombre de réponses
Votre historique - résultats
Vous n’avez pas pris ce quiz